| 000 | 01024cam a22002291 4500 | ||
|---|---|---|---|
| 001 | l 33000122 | ||
| 003 | DLC | ||
| 005 | 20260227111534.0 | ||
| 008 | 820626s1933 xx af 000 0 eng | ||
| 010 | _al 33000122 | ||
| 035 | _a(OCoLC)14735310 | ||
| 040 |
_aDLC _cDNLM _dOCoLC _dDLC |
||
| 050 | 1 | 0 |
_aHD741 _b.A32 no. 217 |
| 060 | 0 |
_aW1 _bUN6181 no.217 1933 |
|
| 100 | 1 |
_aEliot, Martha M. _q(Martha May), _d1891- |
|
| 245 | 1 | 4 |
_aThe effect of tropical sunlight on the development of bones of children in Puerto Rico; _ba roentgenographic and clinical study of infants and young children with special reference to rickets and related factors, _cby Martha M. Eliot ... |
| 260 |
_aWashington, _bU.S. Govt. print. off., _c1933. |
||
| 300 |
_av, 122 p. _bill., plates. |
||
| 410 | 1 | 0 |
_aUnited States. _bChildren's Bureau. _tPublication _vno. 217 |
| 500 | _aAt head of title: United States Department of labor. Frances Perkins, secretary. Children's bureau. Grace Abbott, chief. | ||
| 710 | 1 |
_aUnited States. _bChildren's Bureau. |
|
| 999 |
_c36109 _d36109 |
||